000 00320nam a22001457a 4500
008 210312b ||||| |||| 00| 0 eng d
020 _a046442012959
041 _aeng
080 _a038
082 _a038
100 _a23
101 _aFJA
245 _aRoget's the new Thesaurus
_cSoukhanov, A. H
942 _2udc
_cBK
999 _c56571
_d56571